| 000 | 00567nam a2200157Ia 4500 | ||
|---|---|---|---|
| 999 |
_c19863 _d19863 |
||
| 082 | _a001.4206 INF-S | ||
| 245 | 0 | _aSeminar on information communication technologies in research methodology | |
| 260 |
_aMumbai _bSree Narayana Guru College of Commerce _c2005 |
||
| 300 | _a27 | ||
| 650 |
_aInformation technology _vResearch _vCongresses |
||
| 650 |
_aResearch _vData processing _vCongresses |
||
| 700 | _aSree Narayana Guru College of Commerce | ||
| 700 | _aHosamani, Sangaraj | ||
| 710 | _aInformation communication technologies in research methodology | ||
| 942 | _cBK | ||